<?xml version="1.0" encoding="UTF-8"?>
<record
    xmlns:xsi="http://www.w3.org/2001/XMLSchema-instance"
    xsi:schemaLocation="http://www.loc.gov/MARC21/slim http://www.loc.gov/standards/marcxml/schema/MARC21slim.xsd"
    xmlns="http://www.loc.gov/MARC21/slim">

  <leader>00521nam a2200181   4500</leader>
  <controlfield tag="003">SEACOMMC</controlfield>
  <controlfield tag="005">20250425135416.0</controlfield>
  <controlfield tag="008">241127b        |||||||| |||| 00| 0 eng d</controlfield>
  <datafield tag="020" ind1=" " ind2=" ">
    <subfield code="a"> 978-0-07-462235-3</subfield>
    <subfield code="c">Rs.315.00</subfield>
  </datafield>
  <datafield tag="040" ind1=" " ind2=" ">
    <subfield code="a">SEACOMMC</subfield>
  </datafield>
  <datafield tag="082" ind1=" " ind2=" ">
    <subfield code="a"> 621.381958</subfield>
    <subfield code="b">M 27</subfield>
  </datafield>
  <datafield tag="100" ind1=" " ind2=" ">
    <subfield code="a">Malvino, Albert Paul </subfield>
  </datafield>
  <datafield tag="245" ind1="1" ind2=" ">
    <subfield code="a">Digital Computer Electronics</subfield>
    <subfield code="c">Albert Paul Malvino[ and] Jerald A. Brown</subfield>
  </datafield>
  <datafield tag="250" ind1=" " ind2=" ">
    <subfield code="a">3rd ed.</subfield>
  </datafield>
  <datafield tag="260" ind1=" " ind2=" ">
    <subfield code="a"> New Delhi </subfield>
    <subfield code="b"> Tata Mc Graw Hill </subfield>
    <subfield code="c"> 1995</subfield>
  </datafield>
  <datafield tag="650" ind1=" " ind2=" ">
    <subfield code="a"> Digital Computers</subfield>
  </datafield>
  <datafield tag="942" ind1=" " ind2=" ">
    <subfield code="c">BOOK</subfield>
  </datafield>
  <datafield tag="952" ind1=" " ind2=" ">
    <subfield code="0">0</subfield>
    <subfield code="1">0</subfield>
    <subfield code="2">ddc</subfield>
    <subfield code="4">0</subfield>
    <subfield code="7">0</subfield>
    <subfield code="a">SEACOMMC</subfield>
    <subfield code="b">SEACOMMC</subfield>
    <subfield code="c">REF</subfield>
    <subfield code="d">2007-11-23</subfield>
    <subfield code="l">0</subfield>
    <subfield code="o"> 621.381958 M 27</subfield>
    <subfield code="p">M-1027</subfield>
    <subfield code="r">2024-11-27 11:37:15</subfield>
    <subfield code="w">2024-11-27</subfield>
    <subfield code="y">BOOK</subfield>
  </datafield>
  <datafield tag="952" ind1=" " ind2=" ">
    <subfield code="0">0</subfield>
    <subfield code="1">0</subfield>
    <subfield code="2">ddc</subfield>
    <subfield code="4">0</subfield>
    <subfield code="7">0</subfield>
    <subfield code="a">SEACOMMC</subfield>
    <subfield code="b">SEACOMMC</subfield>
    <subfield code="d">2007-11-23</subfield>
    <subfield code="l">0</subfield>
    <subfield code="o"> 621.381958 M 27</subfield>
    <subfield code="p">M-1028</subfield>
    <subfield code="r">2024-11-27 11:37:46</subfield>
    <subfield code="t">1</subfield>
    <subfield code="w">2024-11-27</subfield>
    <subfield code="y">BOOK</subfield>
  </datafield>
  <datafield tag="952" ind1=" " ind2=" ">
    <subfield code="0">0</subfield>
    <subfield code="1">0</subfield>
    <subfield code="2">ddc</subfield>
    <subfield code="4">0</subfield>
    <subfield code="7">0</subfield>
    <subfield code="a">SEACOMMC</subfield>
    <subfield code="b">SEACOMMC</subfield>
    <subfield code="d">2007-11-23</subfield>
    <subfield code="l">0</subfield>
    <subfield code="o"> 621.381958 M 27</subfield>
    <subfield code="p">M-1029</subfield>
    <subfield code="r">2024-11-27 11:37:46</subfield>
    <subfield code="t">2</subfield>
    <subfield code="w">2024-11-27</subfield>
    <subfield code="y">BOOK</subfield>
  </datafield>
  <datafield tag="952" ind1=" " ind2=" ">
    <subfield code="0">0</subfield>
    <subfield code="1">0</subfield>
    <subfield code="2">ddc</subfield>
    <subfield code="4">0</subfield>
    <subfield code="7">0</subfield>
    <subfield code="a">SEACOMMC</subfield>
    <subfield code="b">SEACOMMC</subfield>
    <subfield code="d">2007-11-23</subfield>
    <subfield code="l">0</subfield>
    <subfield code="o"> 621.381958 M 27</subfield>
    <subfield code="p">M-1030</subfield>
    <subfield code="r">2024-11-27 11:37:46</subfield>
    <subfield code="t">3</subfield>
    <subfield code="w">2024-11-27</subfield>
    <subfield code="y">BOOK</subfield>
  </datafield>
  <datafield tag="999" ind1=" " ind2=" ">
    <subfield code="c">797</subfield>
    <subfield code="d">797</subfield>
  </datafield>
</record>
